[Event "GBR-ch107 U18"]
[Site "Milton Keynes"]
[Date "2021.10.03"]
[Round "5.6"]
[White "Kan, Toby"]
[Black "Gamage Ranasinghe, Yuman Ranjula"]
[Result "1/2-1/2"]
[WhiteElo "1696"]
[BlackElo "1517"]
[PlyCount "55"]
[EventDate "2021.10.02"]
[EventType "swiss"]
[EventRounds "5"]
[EventCountry "GBR"]
[SourceTitle "BritBase"]
[Source "John Saunders"]
[SourceDate "2021.06.05"]
[SourceVersion "1"]
[SourceVersionDate "2021.06.05"]
[SourceQuality "1"]

1. e4 e5 2. Nf3 Nc6 3. Bc4 Nf6 4. d3 d5 5. exd5 Nxd5 6. O-O Bg4 7. c3 Be7 8.
Nbd2 Nf4 9. Ne4 f5 10. Ng3 Qd6 11. h3 h5 12. Re1 h4 13. Nf1 Bxh3 14. Bxf4 Qg6
15. Nxh4 Rxh4 16. Qf3 exf4 17. Re6 Qg5 18. Ng3 fxg3 19. fxg3 Rg4 20. Kf2 Bxg2
21. Qxg2 O-O-O 22. Rd1 f4 23. Rxc6 bxc6 24. Qxc6 fxg3+ 25. Kg2 Rxc4 26. Qa8+
Kd7 27. dxc4+ Ke8 28. Qc6+ 1/2-1/2

[Event "GBR-ch107 U14"]
[Site "Milton Keynes"]
[Date "2021.10.02"]
[Round "1.1"]
[White "Merriman, James"]
[Black "Vaidya, Raghav"]
[Result "1-0"]
[WhiteElo "1837"]
[BlackElo "1524"]
[PlyCount "83"]
[EventDate "2021.10.02"]
[EventType "swiss"]
[EventRounds "5"]
[EventCountry "GBR"]
[SourceTitle "BritBase"]
[Source "John Saunders"]
[SourceDate "2021.06.05"]
[SourceVersion "1"]
[SourceVersionDate "2021.06.05"]
[SourceQuality "1"]

1. d4 Nf6 2. c4 e6 3. Nc3 Bb4 4. e3 b6 5. Nge2 Bb7 6. a3 Bxc3+ 7. Nxc3 d5 8.
Bd3 O-O 9. O-O Nbd7 10. b4 dxc4 11. Bxc4 Nd5 12. Ne2 N7f6 13. Bb2 Qd6 14. Qd3
Ne7 15. Ng3 Ng6 16. Rad1 Rfd8 17. e4 Qd7 18. Rfe1 Rac8 19. d5 e5 20. Nf5 c6 21.
d6 b5 22. Ba2 c5 23. f3 c4 24. Qe3 Ra8 25. Qg5 Ne8 26. h4 f6 27. Qe3 Nf4 28. g3
Ne6 29. h5 Qf7 30. a4 Qxh5 31. axb5 Ng5 32. Bxc4+ Kh8 33. Nh4 Nxd6 34. Be2 Qh6
35. Kg2 Rac8 36. Rh1 Ndxe4 37. fxe4 Bxe4+ 38. Nf3 Qg6 39. Rxd8+ Rxd8 40. Rd1
Bxf3+ 41. Bxf3 Rxd1 42. Bxd1 1-0

[Event "GBR-ch107 U14"]
[Site "Milton Keynes"]
[Date "2021.10.02"]
[Round "1.2"]
[White "Farahi-Far, Arman"]
[Black "Kolani, Arjun"]
[Result "0-1"]
[WhiteElo "1496"]
[BlackElo "1770"]
[PlyCount "64"]
[EventDate "2021.10.02"]
[EventType "swiss"]
[EventRounds "5"]
[EventCountry "GBR"]
[SourceTitle "BritBase"]
[Source "John Saunders"]
[SourceDate "2021.06.05"]
[SourceVersion "1"]
[SourceVersionDate "2021.06.05"]
[SourceQuality "1"]

1. d4 Nf6 2. c4 g6 3. Nf3 Bg7 4. Nc3 d5 5. cxd5 Nxd5 6. g3 Nxc3 7. bxc3 c5 8.
Bg2 Nc6 9. e3 O-O 10. O-O cxd4 11. cxd4 Be6 12. a3 Rc8 13. Bd2 Qd7 14. Qe2 Rfd8
15. Rfc1 Bg4 16. Qe1 e5 17. d5 Qxd5 18. Nd4 e4 19. Nxc6 Rxc6 20. Bc3 Bxc3 21.
Rxc3 Rcd6 22. Rcc1 Qf5 23. a4 Rd2 24. Qf1 h5 25. h3 Be2 26. Qe1 R8d6 27. Rab1
b6 28. Ra1 Bf3 29. Qf1 Rf6 30. Qe1 Re2 31. Qf1 Rb2 32. Rab1 Bxg2 0-1

[Event "GBR-ch107 U14"]
[Site "Milton Keynes"]
[Date "2021.10.02"]
[Round "1.3"]
[White "Zakarian, Dimitrios Levon"]
[Black "Royle, Alex"]
[Result "1-0"]
[WhiteElo "1749"]
[BlackElo "1480"]
[PlyCount "83"]
[EventDate "2021.10.02"]
[EventType "swiss"]
[EventRounds "5"]
[EventCountry "GBR"]
[SourceTitle "BritBase"]
[Source "John Saunders"]
[SourceDate "2021.06.05"]
[SourceVersion "1"]
[SourceVersionDate "2021.06.05"]
[SourceQuality "1"]

1. d4 Nf6 2. Nf3 e6 3. c4 b6 4. a3 Ba6 5. Qc2 Bb7 6. Nc3 c5 7. Bg5 cxd4 8. Nxd4
Nc6 9. Nxc6 Bxc6 10. e4 Be7 11. Be2 O-O 12. O-O h6 13. Bh4 Rc8 14. Rad1 Ne8 15.
Bxe7 Qxe7 16. f4 f5 17. e5 a5 18. Na4 Qd8 19. Qb3 Rb8 20. Bf3 Qc7 21. Nc3 Rf7
22. Nb5 Bxb5 23. Qxb5 Qc5+ 24. Kh1 Qxb5 25. cxb5 Rc8 26. Rc1 Rb8 27. Rfd1 Kf8
28. Rd2 g5 29. g3 Ng7 30. Rcd1 Ke8 31. Rd6 Re7 32. Kg1 Rf7 33. Kf2 Re7 34. Ke3
Rf7 35. Rc1 Kd8 36. Rcc6 g4 37. Bg2 h5 38. Rxb6 Rxb6 39. Rxb6 Ne8 40. Rb8+ Ke7
41. b6 d6 42. Rb7+ 1-0

[Event "GBR-ch107 U14"]
[Site "Milton Keynes"]
[Date "2021.10.02"]
[Round "1.4"]
[White "Maton, Emily"]
[Black "Agrawal, Shivam"]
[Result "1/2-1/2"]
[WhiteElo "1415"]
[BlackElo "1721"]
[PlyCount "163"]
[EventDate "2021.10.02"]
[EventType "swiss"]
[EventRounds "5"]
[EventCountry "GBR"]
[SourceTitle "BritBase"]
[Source "John Saunders"]
[SourceDate "2021.06.05"]
[SourceVersion "1"]
[SourceVersionDate "2021.06.05"]
[SourceQuality "1"]

1. c4 c6 2. d4 d5 3. cxd5 cxd5 4. Nc3 Nf6 5. Nf3 Nc6 6. g3 Bf5 7. a3 e6 8. Bf4
Bd6 9. Bxd6 Qxd6 10. Bg2 h6 11. e3 O-O 12. O-O Rfc8 13. Rc1 Ne4 14. Nxe4 Bxe4
15. Nd2 Bg6 16. Nf3 Rc7 17. Qd2 Rac8 18. b4 Ne7 19. Ne5 Rc2 20. Rxc2 Rxc2 21.
Qd1 Rc3 22. Qa4 a6 23. Qe8+ Kh7 24. Nxf7 Bxf7 25. Qxf7 Rxa3 26. Bh3 Rb3 27. Rc1
Rxb4 28. Bxe6 Rb6 29. Bf5+ Nxf5 30. Qxf5+ Qg6 31. Qxd5 Rb1 32. Rxb1 Qxb1+ 33.
Kg2 b5 34. e4 b4 35. Qf5+ Kh8 36. d5 b3 37. d6 b2 38. d7 Qd3 39. Qd5 Qxd5 40.
exd5 Kh7 41. d8=Q b1=Q 42. Qe7 Qd3 43. Qe6 a5 44. d6 a4 45. d7 a3 46. Qe3 Qd5+
47. Qf3 Qxf3+ 48. Kxf3 a2 49. d8=Q a1=Q 50. Qd3+ Kh8 51. h4 Qh1+ 52. Kg4 Qc6
53. h5 Qe6+ 54. Qf5 Qc4+ 55. Qf4 Qe6+ 56. Kh4 Qd5 57. Kg4 Qe6+ 58. Qf5 Qc4+ 59.
Kf3 Qc6+ 60. Kg4 Qc4+ 61. Kf3 Qf1 62. g4 Qh1+ 63. Kf4 Qc1+ 64. Kg3 Qg1+ 65. Kf3
Qh1+ 66. Ke2 Qg2 67. Qf3 Qh2 68. Qg3 Qh1 69. f3 Qc1 70. Qb8+ Kh7 71. Qb3 Qc7
72. Qd3+ Kh8 73. Ke3 Qe5+ 74. Qe4 Qc3+ 75. Kf4 Qd2+ 76. Kf5 Qg5+ 77. Ke6 Qf6+
78. Kd5 Qd8+ 79. Ke5 Qc7+ 80. Kd4 Qd6+ 81. Ke3 Qc5+ 82. Qd4 1/2-1/2

[Event "GBR-ch107 U14"]
[Site "Milton Keynes"]
[Date "2021.10.02"]
[Round "1.5"]
[White "Mehta, Shaurya"]
[Black "Srikanta Prasad, Suyash"]
[Result "1-0"]
[WhiteElo "1638"]
[BlackElo "1347"]
[PlyCount "43"]
[EventDate "2021.10.02"]
[EventType "swiss"]
[EventRounds "5"]
[EventCountry "GBR"]
[SourceTitle "BritBase"]
[Source "John Saunders"]
[SourceDate "2021.06.05"]
[SourceVersion "1"]
[SourceVersionDate "2021.06.05"]
[SourceQuality "1"]

1. e4 c5 2. Nf3 d6 3. h3 Nf6 4. Nc3 h5 5. d4 cxd4 6. Nxd4 a6 7. a4 g6 8. Bc4 e6
9. Bg5 Be7 10. Nf3 Qc7 11. Qe2 Nc6 12. O-O O-O 13. Rfe1 Nh7 14. Bf4 Rd8 15.
Rad1 b6 16. Bh2 Bb7 17. e5 Nb4 18. Bxe6 g5 19. Bxf7+ Kf8 20. exd6 Bxd6 21.
Bxd6+ Rxd6 22. Qe5 1-0

[Event "GBR-ch107 U14"]
[Site "Milton Keynes"]
[Date "2021.10.02"]
[Round "1.6"]
[White "Kumar, Satyam"]
[Black "Wang, Yong Gui"]
[Result "0-1"]
[WhiteElo "1183"]
[BlackElo "1578"]
[PlyCount "82"]
[EventDate "2021.10.02"]
[EventType "swiss"]
[EventRounds "5"]
[EventCountry "GBR"]
[SourceTitle "BritBase"]
[Source "John Saunders"]
[SourceDate "2021.06.05"]
[SourceVersion "1"]
[SourceVersionDate "2021.06.05"]
[SourceQuality "1"]

1. e4 e6 2. d4 d5 3. Nc3 Bb4 4. e5 c5 5. Nge2 Nc6 6. Be3 cxd4 7. Bxd4 Nge7 8.
Ng3 Ng6 9. Bb5 Qc7 10. Qe2 Bd7 11. Bxc6 bxc6 12. a3 c5 13. axb4 cxd4 14. Nb5
Qb6 15. Ra5 O-O 16. O-O Nf4 17. Qd2 Bxb5 18. Rxb5 Qxb5 19. Qxf4 Qxb4 20. b3 Qc3
21. Rc1 f6 22. Ne2 Qc7 23. Nxd4 Qxe5 24. Qxe5 fxe5 25. Nxe6 Rf6 26. Nc7 Rd8 27.
h3 a6 28. Rd1 d4 29. Ra1 Rc6 30. Nxa6 Ra8 31. b4 Raxa6 32. Rxa6 Rxa6 33. Kf1
Rb6 34. Ke2 Rxb4 35. Kd3 Kf7 36. c4 Ke6 37. c5 Kd5 38. c6 e4+ 39. Kd2 Rb2+ 40.
Ke1 Kxc6 41. f3 e3 0-1

[Event "GBR-ch107 U14"]
[Site "Milton Keynes"]
[Date "2021.10.02"]
[Round "1.7"]
[White "Sharma, Josh"]
[Black "Cox, Lucian"]
[Result "1-0"]
[WhiteElo "1540"]
[BlackElo "1051"]
[PlyCount "87"]
[EventDate "2021.10.02"]
[EventType "swiss"]
[EventRounds "5"]
[EventCountry "GBR"]
[SourceTitle "BritBase"]
[Source "John Saunders"]
[SourceDate "2021.06.05"]
[SourceVersion "1"]
[SourceVersionDate "2021.06.05"]
[SourceQuality "1"]

1. d4 Nf6 2. c4 g6 3. f3 Bg7 4. e4 d6 5. Nc3 O-O 6. Be3 e5 7. Nge2 Nc6 8. d5
Ne7 9. g4 c6 10. Qd2 h5 11. gxh5 Nxh5 12. Ng3 Kh7 13. Nxh5 gxh5 14. Be2 cxd5
15. cxd5 Ng6 16. Bd3 Qh4+ 17. Bf2 Qh3 18. Bg3 Bh6 19. Qc2 Bf4 20. Qf2 h4 21.
Bxf4 Nxf4 22. Bf1 Rg8 23. O-O-O Qd7 24. Qxh4+ Kg7 25. Rg1+ Ng6 26. Rd2 Kf8 27.
Qh6+ Ke8 28. Bb5 Rh8 29. Bxd7+ Bxd7 30. Qg7 Ke7 31. Rxg6 Rag8 32. Qxg8 Rxg8 33.
Rxg8 a6 34. h4 f5 35. Rdg2 fxe4 36. fxe4 Bh3 37. h5 Bxg2 38. Rxg2 b5 39. h6 b4
40. h7 bxc3 41. h8=Q cxb2+ 42. Kxb2 a5 43. Rg7+ Kf6 44. Qh6# 1-0

[Event "GBR-ch107 U14"]
[Site "Milton Keynes"]
[Date "2021.10.02"]
[Round "1.8"]
[White "Thangella, Ishanth Reddy"]
[Black "Pert, Nina P"]
[Result "0-1"]
[WhiteElo "955"]
[BlackElo "1536"]
[PlyCount "82"]
[EventDate "2021.10.02"]
[EventType "swiss"]
[EventRounds "5"]
[EventCountry "GBR"]
[SourceTitle "BritBase"]
[Source "John Saunders"]
[SourceDate "2021.06.05"]
[SourceVersion "1"]
[SourceVersionDate "2021.06.05"]
[SourceQuality "1"]

1. e4 c6 2. Nc3 d5 3. exd5 cxd5 4. d4 Nf6 5. Nf3 Nc6 6. Bb5 Bg4 7. h3 Bh5 8.
Qd3 Bg6 9. Qe2 e6 10. Ne5 Rc8 11. Bxc6+ bxc6 12. Nxg6 hxg6 13. Bg5 Rb8 14. Qa6
Qc7 15. Bxf6 gxf6 16. Rb1 Bd6 17. Qe2 Rh4 18. Qf3 Ke7 19. Ne2 g5 20. g3 Qa5+
21. Kd1 Qxa2 22. gxh4 Qxb1+ 23. Kd2 Qxb2 24. hxg5 Qb4+ 25. c3 Qb2+ 26. Ke3 f5
27. h4 c5 28. dxc5 Bxc5+ 29. Kf4 Bd6+ 30. Ke3 d4+ 31. Kd3 dxc3 32. Nxc3 Be5 33.
Qc6 Rd8+ 34. Ke3 Qd2+ 35. Kf3 Rd3+ 36. Kg2 Rg3+ 37. Kf1 Rxc3 38. Qb7+ Rc7 39.
Qb5 Qd1+ 40. Kg2 Qg4+ 41. Kf1 Rc1# 0-1

[Event "GBR-ch107 U14"]
[Site "Milton Keynes"]
[Date "2021.10.02"]
[Round "2.1"]
[White "Wang, Yong Gui"]
[Black "Merriman, James"]
[Result "1/2-1/2"]
[WhiteElo "1578"]
[BlackElo "1837"]
[PlyCount "60"]
[EventDate "2021.10.02"]
[EventType "swiss"]
[EventRounds "5"]
[EventCountry "GBR"]
[SourceTitle "BritBase"]
[Source "John Saunders"]
[SourceDate "2021.06.05"]
[SourceVersion "1"]
[SourceVersionDate "2021.06.05"]
[SourceQuality "1"]

1. e4 e6 2. d4 d5 3. Nd2 Be7 4. Ngf3 Nf6 5. e5 Nfd7 6. Bd3 c5 7. c3 Nc6 8. O-O
a5 9. Re1 Qb6 10. Qa4 O-O 11. Nf1 f6 12. exf6 Nxf6 13. Ng5 Nd8 14. dxc5 Bxc5
15. Be3 h6 16. Nf3 Nc6 17. b4 Bxe3 18. Rxe3 Ng4 19. Re2 e5 20. Qb3 Be6 21. h3
a4 22. Qc2 e4 23. Bxe4 dxe4 24. Qxe4 Rae8 25. hxg4 Bxa2 26. Qd3 Ra8 27. Qe4
Rae8 28. Qc2 Bb3 29. Rxe8 Rxe8 30. Qf5 Qc7 1/2-1/2

[Event "GBR-ch107 U14"]
[Site "Milton Keynes"]
[Date "2021.10.02"]
[Round "2.2"]
[White "Kolani, Arjun"]
[Black "Sharma, Josh"]
[Result "1-0"]
[WhiteElo "1770"]
[BlackElo "1540"]
[PlyCount "67"]
[EventDate "2021.10.02"]
[EventType "swiss"]
[EventRounds "5"]
[EventCountry "GBR"]
[SourceTitle "BritBase"]
[Source "John Saunders"]
[SourceDate "2021.06.05"]
[SourceVersion "1"]
[SourceVersionDate "2021.06.05"]
[SourceQuality "1"]

1. e4 e5 2. Nf3 Nc6 3. Bc4 Bc5 4. c3 Nf6 5. d3 O-O 6. O-O d5 7. exd5 Nxd5 8. a4
a6 9. Nbd2 Bg4 10. Ne4 Ba7 11. b4 Kh8 12. Bd2 f6 13. h3 Bxf3 14. Qxf3 Nce7 15.
Rad1 c6 16. Bb3 Qc7 17. c4 Nf4 18. Bxf4 exf4 19. d4 Nf5 20. c5 Rad8 21. d5 cxd5
22. Bxd5 g5 23. Qg4 Ne7 24. Nd6 Nxd5 25. Rxd5 Qd7 26. Rfd1 Qxg4 27. hxg4 Rd7
28. Nf5 Rdf7 29. Rd7 h5 30. gxh5 a5 31. Rxf7 Rxf7 32. Rd8+ Kh7 33. Nd6 Re7 34.
Nb5 1-0

[Event "GBR-ch107 U14"]
[Site "Milton Keynes"]
[Date "2021.10.02"]
[Round "2.3"]
[White "Pert, Nina P"]
[Black "Zakarian, Dimitrios Levon"]
[Result "1-0"]
[WhiteElo "1536"]
[BlackElo "1749"]
[PlyCount "57"]
[EventDate "2021.10.02"]
[EventType "swiss"]
[EventRounds "5"]
[EventCountry "GBR"]
[SourceTitle "BritBase"]
[Source "John Saunders"]
[SourceDate "2021.06.05"]
[SourceVersion "1"]
[SourceVersionDate "2021.06.05"]
[SourceQuality "1"]

1. e4 c5 2. Nc3 a6 3. g3 b5 4. Bg2 Bb7 5. Nge2 e6 6. O-O d6 7. Re1 Nf6 8. d4
cxd4 9. Nxd4 Qc7 10. Nd5 Bxd5 11. exd5 e5 12. f4 Nbd7 13. Nc6 Rc8 14. a4 b4 15.
c3 g6 16. cxb4 Bg7 17. Qd3 Qb7 18. b5 axb5 19. Qxb5 Qxb5 20. axb5 Nb6 21. fxe5
Nfxd5 22. exd6+ Kd7 23. Rd1 Ra8 24. Rb1 Ke6 25. Bf4 Ra2 26. Re1+ Kd7 27. Rbd1
Nxf4 28. gxf4 Bf6 29. Bh3# 1-0

[Event "GBR-ch107 U14"]
[Site "Milton Keynes"]
[Date "2021.10.02"]
[Round "2.4"]
[White "Madhavan, Sanjith"]
[Black "Mehta, Shaurya"]
[Result "1-0"]
[WhiteElo "1498"]
[BlackElo "1638"]
[PlyCount "115"]
[EventDate "2021.10.02"]
[EventType "swiss"]
[EventRounds "5"]
[EventCountry "GBR"]
[SourceTitle "BritBase"]
[Source "John Saunders"]
[SourceDate "2021.06.05"]
[SourceVersion "1"]
[SourceVersionDate "2021.06.05"]
[SourceQuality "1"]

1. e4 e5 2. Nf3 Nc6 3. Nc3 Nf6 4. Be2 d5 5. exd5 Nxd5 6. Bb5 Nxc3 7. bxc3 Bd7
8. d4 exd4 9. O-O Be7 10. cxd4 a6 11. Ba4 b5 12. Bb3 Bg4 13. h3 Bh5 14. Bb2 Bf6
15. Re1+ Ne7 16. g4 Bxg4 17. hxg4 Qd7 18. Ne5 Bxe5 19. dxe5 Qc8 20. e6 f6 21.
Qd7+ Qxd7 22. exd7+ Kd8 23. Rad1 c5 24. Bf7 Rf8 25. Be8 Nc6 26. g5 Nd4 27. Bxd4
cxd4 28. Rxd4 fxg5 29. Bf7 Kc7 30. Re8 Rd8 31. Rxf8 Rxf8 32. Be8 Kd8 33. Rd6
Rf6 34. Rxf6 gxf6 35. Kg2 h5 36. Bxh5 Kxd7 37. Kf3 Ke6 38. Ke4 f5+ 39. Kd4 Kd6
40. Bg6 f4 41. f3 a5 42. Bd3 b4 43. Kc4 Ke5 44. Be2 Kd6 45. Kb5 Kd5 46. Kxa5
Kc5 47. Bd3 b3 48. axb3 Kc6 49. b4 Kb7 50. b5 g4 51. fxg4 f3 52. g5 f2 53. g6
Ka7 54. g7 f1=Q 55. Bxf1 Kb7 56. g8=Q Ka7 57. b6+ Kb7 58. Bg2# 1-0

[Event "GBR-ch107 U14"]
[Site "Milton Keynes"]
[Date "2021.10.02"]
[Round "2.5"]
[White "Agrawal, Shivam"]
[Black "Farahi-Far, Arman"]
[Result "1-0"]
[WhiteElo "1721"]
[BlackElo "1496"]
[PlyCount "35"]
[EventDate "2021.10.02"]
[EventType "swiss"]
[EventRounds "5"]
[EventCountry "GBR"]
[SourceTitle "BritBase"]
[Source "John Saunders"]
[SourceDate "2021.06.05"]
[SourceVersion "1"]
[SourceVersionDate "2021.06.05"]
[SourceQuality "1"]

1. d4 Nf6 2. c4 g6 3. Nc3 Bg7 4. e4 d6 5. Nge2 Nc6 6. f3 e5 7. d5 Ne7 8. h4 Nh5
9. g4 Nf6 10. h5 a6 11. Ng3 c6 12. Be3 c5 13. Qd2 gxh5 14. Nxh5 Nxh5 15. Rxh5
Ng6 16. Qh2 Qf6 17. Bg5 Qxf3 18. Be2 1-0

[Event "GBR-ch107 U14"]
[Site "Milton Keynes"]
[Date "2021.10.02"]
[Round "2.6"]
[White "Vaidya, Raghav"]
[Black "Maton, Emily"]
[Result "1-0"]
[WhiteElo "1524"]
[BlackElo "1415"]
[PlyCount "63"]
[EventDate "2021.10.02"]
[EventType "swiss"]
[EventRounds "5"]
[EventCountry "GBR"]
[SourceTitle "BritBase"]
[Source "John Saunders"]
[SourceDate "2021.06.05"]
[SourceVersion "1"]
[SourceVersionDate "2021.06.05"]
[SourceQuality "1"]

1. c4 Nf6 2. Nc3 g6 3. g3 Bg7 4. Bg2 c5 5. Nf3 Nc6 6. d4 cxd4 7. Nxd4 O-O 8.
O-O a6 9. Nxc6 bxc6 10. Qc2 Bb7 11. e4 Qa5 12. Rd1 Rfd8 13. Bf4 Rac8 14. Qe2 e6
15. Bd6 c5 16. e5 Bxg2 17. exf6 Bxf6 18. Kxg2 Re8 19. Be5 Bxe5 20. Qxe5 d5 21.
cxd5 exd5 22. Qxd5 Rcd8 23. Qf3 f5 24. Rxd8 Rxd8 25. Re1 Qb6 26. Qe3 Rd6 27.
Qe8+ Kg7 28. Re7+ Kh6 29. Qf8+ Kg5 30. h4+ Kg4 31. f3+ Kh5 32. Rxh7# 1-0

[Event "GBR-ch107 U14"]
[Site "Milton Keynes"]
[Date "2021.10.02"]
[Round "2.7"]
[White "Royle, Alex"]
[Black "Kumar, Satyam"]
[Result "1-0"]
[WhiteElo "1480"]
[BlackElo "1183"]
[PlyCount "25"]
[EventDate "2021.10.02"]
[EventType "swiss"]
[EventRounds "5"]
[EventCountry "GBR"]
[SourceTitle "BritBase"]
[Source "John Saunders"]
[SourceDate "2021.06.05"]
[SourceVersion "1"]
[SourceVersionDate "2021.06.05"]
[SourceQuality "1"]

1. e4 e5 2. Nf3 Nc6 3. Bb5 a6 4. Ba4 Nf6 5. O-O Be7 6. Re1 O-O 7. Bxc6 bxc6 8.
Nxe5 Re8 9. d4 Bd6 10. Bf4 g6 11. Bg5 Bxe5 12. dxe5 h6 13. Bxf6 1-0

[Event "GBR-ch107 U14"]
[Site "Milton Keynes"]
[Date "2021.10.02"]
[Round "2.8"]
[White "Srikanta Prasad, Suyash"]
[Black "Thangella, Ishanth Reddy"]
[Result "1-0"]
[WhiteElo "1347"]
[BlackElo "955"]
[PlyCount "103"]
[EventDate "2021.10.02"]
[EventType "swiss"]
[EventRounds "5"]
[EventCountry "GBR"]
[SourceTitle "BritBase"]
[Source "John Saunders"]
[SourceDate "2021.06.05"]
[SourceVersion "1"]
[SourceVersionDate "2021.06.05"]
[SourceQuality "1"]

1. e4 e5 2. Nf3 d6 3. Nc3 Nf6 4. d4 c6 5. dxe5 dxe5 6. Qxd8+ Kxd8 7. Nxe5 Be6
8. Bc4 Bxc4 9. Nxc4 Bb4 10. Bg5 Ke7 11. e5 h6 12. exf6+ gxf6 13. Bd2 Nd7 14. a3
b5 15. axb4 bxc4 16. O-O Kd8 17. Be3 Kc7 18. Rxa7+ Rxa7 19. Bxa7 Rg8 20. Ne4 f5
21. Ng3 f4 22. Ne4 Ra8 23. Bd4 f5 24. Nf6 Ra2 25. Nxd7 Kxd7 26. Rd1 Ke6 27. h3
Ra4 28. Bc3 Ra7 29. Rd4 Ra1+ 30. Kh2 Rc1 31. Rxc4 Rxc2 32. Rxc6+ Kd5 33. Rc5+
Ke6 34. f3 Re2 35. Rc6+ Kf7 36. Rxh6 Re6 37. Rxe6 Kxe6 38. g3 fxg3+ 39. Kxg3
Kf7 40. b5 Ke7 41. h4 Kf7 42. b6 Ke7 43. b7 Kd7 44. b8=Q Ke6 45. Qe5+ Kd7 46.
Qd5+ Ke7 47. Qc6 f4+ 48. Kxf4 Kd8 49. Qb7 Ke8 50. Ke5 Kf8 51. Kf6 Ke8 52. Qe7#
1-0

[Event "GBR-ch107 U14"]
[Site "Milton Keynes"]
[Date "2021.10.02"]
[Round "3.1"]
[White "Kolani, Arjun"]
[Black "Madhavan, Sanjith"]
[Result "1/2-1/2"]
[WhiteElo "1770"]
[BlackElo "1498"]
[PlyCount "38"]
[EventDate "2021.10.02"]
[EventType "swiss"]
[EventRounds "5"]
[EventCountry "GBR"]
[SourceTitle "BritBase"]
[Source "John Saunders"]
[SourceDate "2021.06.05"]
[SourceVersion "1"]
[SourceVersionDate "2021.06.05"]
[SourceQuality "1"]

1. e4 c6 2. Nf3 d5 3. Nc3 dxe4 4. Nxe4 Nf6 5. Qe2 Nxe4 6. Qxe4 Qd5 7. Qh4 Qe6+
8. Be2 Qg4 9. Qg3 Qxg3 10. hxg3 Bf5 11. d3 Nd7 12. Bf4 O-O-O 13. O-O-O e5 14.
Bxe5 Re8 15. Bf4 Rxe2 16. Nd4 Rxf2 17. Be3 Rxg2 18. Nxf5 g6 19. Bd4 f6 1/2-1/2

[Event "GBR-ch107 U14"]
[Site "Milton Keynes"]
[Date "2021.10.02"]
[Round "3.2"]
[White "Merriman, James"]
[Black "Pert, Nina P"]
[Result "0-1"]
[WhiteElo "1837"]
[BlackElo "1536"]
[PlyCount "52"]
[EventDate "2021.10.02"]
[EventType "swiss"]
[EventRounds "5"]
[EventCountry "GBR"]
[SourceTitle "BritBase"]
[Source "John Saunders"]
[SourceDate "2021.06.05"]
[SourceVersion "1"]
[SourceVersionDate "2021.06.05"]
[SourceQuality "1"]

1. d4 d5 2. c4 e6 3. Nc3 c5 4. cxd5 cxd4 5. Qa4+ Bd7 6. Qxd4 exd5 7. Qxd5 Nc6
8. Qd1 Nf6 9. Nf3 Bc5 10. e3 Qe7 11. Be2 O-O-O 12. O-O Kb8 13. a3 g5 14. b4 g4
15. Ne1 Bd6 16. Bb2 Rhg8 17. Nb5 Bf5 18. Nxd6 Rxd6 19. Qb3 Ne4 20. Bc1 Rh6 21.
g3 Rg5 22. f3 gxf3 23. Nxf3 Nxg3 24. hxg3 Qd6 25. Ne5 Qxe5 26. e4 Rxg3+ 0-1

[Event "GBR-ch107 U14"]
[Site "Milton Keynes"]
[Date "2021.10.02"]
[Round "3.3"]
[White "Wang, Yong Gui"]
[Black "Agrawal, Shivam"]
[Result "0-1"]
[WhiteElo "1578"]
[BlackElo "1721"]
[PlyCount "48"]
[EventDate "2021.10.02"]
[EventType "swiss"]
[EventRounds "5"]
[EventCountry "GBR"]
[SourceTitle "BritBase"]
[Source "John Saunders"]
[SourceDate "2021.06.05"]
[SourceVersion "1"]
[SourceVersionDate "2021.06.05"]
[SourceQuality "1"]

1. d4 d5 2. Nf3 Nf6 3. g3 Bf5 4. Bg2 e6 5. c4 c6 6. Nc3 h6 7. O-O Be7 8. b3 O-O
9. Bb2 Nbd7 10. Re1 Ne4 11. Nd2 Nxc3 12. Bxc3 Nf6 13. f3 c5 14. e4 cxd4 15.
Bxd4 dxe4 16. Nxe4 Nxe4 17. fxe4 Bg6 18. Bc3 Qc7 19. Qf3 Rac8 20. h4 b5 21. h5
Qc5+ 22. Qe3 Qxe3+ 23. Rxe3 Bxh5 24. cxb5 Bc5 0-1

[Event "GBR-ch107 U14"]
[Site "Milton Keynes"]
[Date "2021.10.02"]
[Round "3.4"]
[White "Zakarian, Dimitrios Levon"]
[Black "Vaidya, Raghav"]
[Result "1/2-1/2"]
[WhiteElo "1749"]
[BlackElo "1524"]
[PlyCount "84"]
[EventDate "2021.10.02"]
[EventType "swiss"]
[EventRounds "5"]
[EventCountry "GBR"]
[SourceTitle "BritBase"]
[Source "John Saunders"]
[SourceDate "2021.06.05"]
[SourceVersion "1"]
[SourceVersionDate "2021.06.05"]
[SourceQuality "1"]

1. d4 Nf6 2. Nf3 e6 3. c4 b6 4. a3 Bb7 5. Nc3 d5 6. Bg5 Be7 7. Qa4+ Bc6 8. Qc2
O-O 9. e3 Ne4 10. Bxe7 Qxe7 11. Bd3 f5 12. Bxe4 dxe4 13. Ne5 Be8 14. O-O Nc6
15. Nxc6 Bxc6 16. d5 Bb7 17. dxe6 Qxe6 18. Nb5 Qe7 19. Rad1 a6 20. Nd4 c5 21.
Ne2 Rad8 22. Nf4 g5 23. Nd5 Bxd5 24. cxd5 Qd6 25. f3 Qe5 26. fxe4 Qxe4 27. Qd3
Qxd3 28. Rxd3 Rd6 29. h3 h5 30. g3 Rf7 31. Kg2 Kg7 32. h4 g4 33. Rf4 Kg6 34.
Kf2 Re7 35. b4 cxb4 36. axb4 b5 37. Ke2 Re4 38. Kd2 Kf6 39. Kc3 Ke5 40. Rf1
Rxd5 41. Rxf5+ Kxf5 42. Rxd5+ Ke6 1/2-1/2

[Event "GBR-ch107 U14"]
[Site "Milton Keynes"]
[Date "2021.10.02"]
[Round "3.5"]
[White "Cox, Lucian"]
[Black "Royle, Alex"]
[Result "0-1"]
[WhiteElo "1051"]
[BlackElo "1480"]
[PlyCount "60"]
[EventDate "2021.10.02"]
[EventType "swiss"]
[EventRounds "5"]
[EventCountry "GBR"]
[SourceTitle "BritBase"]
[Source "John Saunders"]
[SourceDate "2021.06.05"]
[SourceVersion "1"]
[SourceVersionDate "2021.06.05"]
[SourceQuality "1"]

1. e4 e5 2. f4 exf4 3. Nf3 d5 4. exd5 Nf6 5. d4 Nxd5 6. Bc4 Be6 7. O-O Ne3 8.
Bb5+ c6 9. Bxe3 fxe3 10. Bd3 g6 11. Qe2 Bh6 12. c4 O-O 13. Nc3 Re8 14. Rad1 Re7
15. d5 cxd5 16. cxd5 Bg4 17. h3 Bxf3 18. Qxf3 Nd7 19. Kh1 Ne5 20. Qf6 Bg7 21.
Qf4 Nxd3 22. Rxd3 Be5 23. Qf3 Bxc3 24. Rxc3 a6 25. Rxe3 Rxe3 26. Qxe3 Qxd5 27.
Qe7 b5 28. a3 Rc8 29. Qa7 Rc2 30. Qxa6 Qxg2# 0-1